000 00968cam a2200181 4500
001 WB3908-16
008 030225n2003 000 0 eng u
035 _a(Sirsi) u121415
245 _aProperty values suffer due to landfill sites
260 _c2003
490 _aDEFRA News Release
_v(64/03) 21 February 2003, (3)
520 _aDefra has published the UK's first comprehensive analysis of the local nuisance effects of living close to landfill sites. Report finds that properties sited within half a mile of such a site will suffer from a significant loss in value. Table. Copies of "A study to estimate the disamenity costs of landfill in Great Britain" available to download from http://www.defra.gov.uk/environment/waste/landfill/disamenity.htm or t +44 (0)8459 335577 http://www.defra.gov.uk/news/2003/030221a.htm
590 _aWB
650 _aLANDFILL SITES
650 _aPROPERTY VALUES
690 _aENVIRONMENTAL AND LAND CONSULTANCY
942 _n0
999 _c72146
_d72146